| 000 -LEADER |
| fixed length control field |
01193nam a2200205Ia 4500 |
| 001 - CONTROL NUMBER |
| control field |
10045 |
| 003 - CONTROL NUMBER IDENTIFIER |
| control field |
GE_BSU |
| 008 - FIXED-LENGTH DATA ELEMENTS--GENERAL INFORMATION |
| fixed length control field |
181216s||||||||xx |||||||||||||| ||und|| |
| 040 ## - CATALOGING SOURCE |
| Transcribing agency |
GE_BSU |
| 080 ## - UNIVERSAL DECIMAL CLASSIFICATION NUMBER |
| Universal Decimal Classification number |
341.64(094.9) |
| 245 ## - TITLE STATEMENT |
| Title |
ადამიანის უფლებათა ევროპული სასამართლოს გადაწყვეტილებების თემატური საძიებელი. |
| 245 ## - TITLE STATEMENT |
| Statement of responsibility, etc. |
კრებული შადგინეს და დაამუშავეს; თინათინ ბეჟაშვილმა,და ნანა ბიგვავამ;ტექნ.რედ.და ყდის დიზ.მარიკა მაღალაშვილი |
| 260 ## - PUBLICATION, DISTRIBUTION, ETC. |
| Place of publication, distribution, etc. |
თბილისი. |
| 260 ## - PUBLICATION, DISTRIBUTION, ETC. |
| Name of publisher, distributor, etc. |
საქართველოს უზენაესი სასამართლო. |
| 260 ## - PUBLICATION, DISTRIBUTION, ETC. |
| Date of publication, distribution, etc. |
2013. |
| 300 ## - PHYSICAL DESCRIPTION |
| Extent |
187გვ;30სმ. |
| 300 ## - PHYSICAL DESCRIPTION |
| Other physical details |
ყდა ქართ.და ინგლ.ენ. |
| 653 ## - INDEX TERM--UNCONTROLLED |
| Uncontrolled term |
ადამიანის უფლებები; ევროსასამართლოს გადაწყვეტილებები |
| 942 ## - ADDED ENTRY ELEMENTS (KOHA) |
| Koha item type |
წიგნი |